| 000 | 01124nam a2200301 a 4500 | ||
|---|---|---|---|
| 001 | 000110024 | ||
| 003 | CHAP | ||
| 005 | 20220329144115.0 | ||
| 008 | 140623s2012 mx a |r| |||0|||spa d | ||
| 010 | _a106486 | ||
| 011 | _a107458 | ||
| 040 | _cCHAP | ||
| 082 | 0 | 4 |
_a631.097249 _bR42 |
| 245 | 0 | 1 |
_aReporte del viaje de estudios efectuado por el grupo 5 de segundo año, del 2 al 11 de julio a Cuautla y Chinameca, Estado de Morelos; Ciudad de Oaxaca, Santiago Matatlán, y Teotongo, Región de la Mixteca Alta, Oaxaca / _ccoordinado por José Manuel Arceo Arceo y José Luis Meléndez Ibarra. |
| 260 |
_a[Chapingo, Méx.] : _b[UACH ], _c2012. |
||
| 300 |
_a131 p. : _bil. |
||
| 590 |
_aE5652GLJ _b05 _c20140623 _lUCH01 _h1219 |
||
| 590 |
_aE5652GLJ _b05 _c20140623 _lUCH01 _h1422 |
||
| 650 | 1 | 4 |
_aAgricultura _xMorelos. _91747 |
| 650 | 1 | 4 |
_aAgricultura _xOaxaca. _91756 |
| 650 | 1 | 4 |
_aCultivos _xVariedades. _930332 |
| 650 | 1 | 4 |
_aViajes de estudio. _9119036 |
| 700 | 0 |
_aArceo Arceo, José Manuel _ecoord. _96783 |
|
| 700 | 0 |
_aMeléndez Ibarra, José Luis _ecoord. _974412 |
|
| 901 | _aBK | ||
| 942 | _cLIBRO | ||
| 942 | _n0 | ||
| 999 |
_c106486 _d106486 |
||